How to be good (Record no. 76517)

MARC details
000 -LEADER
fixed length control field 01061cab a2200229 4500
001 - CONTROL NUMBER
control field ##L132594
008 - FIXED-LENGTH DATA ELEMENTS--GENERAL INFORMATION
fixed length control field 060221n2006 000 0 eng u
035 ## - SYSTEM CONTROL NUMBER
System control number (Sirsi) u132594
041 0# - LANGUAGE CODE
Language code of text/sound track or separate title eng
100 1# - MAIN ENTRY--PERSONAL NAME
Personal name Lane, Nick
245 00 - TITLE STATEMENT
Title How to be good
260 ## - PUBLICATION, DISTRIBUTION, ETC.
Date of publication, distribution, etc. 2006
490 #0 - SERIES STATEMENT
Series statement Building
Volume/sequential designation 271(8418) 17 February 2006, 60(1)
520 ## - SUMMARY, ETC.
Summary, etc. Looks at the lack of concensus in the construction industry over the type of delay analysis to be used in delay claims. Argues that the technique used must be acceptable to other parties, and be sure of being approved by an adjudicator or court. Mentions some other factors to be considered when deciding on the technique.
590 ## - LOCAL NOTE (RLIN)
Local note IKA280206
650 24 - SUBJECT ADDED ENTRY--TOPICAL TERM
Topical term or geographic name entry element DELAY ANALYSIS
650 24 - SUBJECT ADDED ENTRY--TOPICAL TERM
Topical term or geographic name entry element ASCON CONTRACTING LTD V ALFRED MCALPINE CONSTRUCTION (ISLE OF MAN)
650 24 - SUBJECT ADDED ENTRY--TOPICAL TERM
Topical term or geographic name entry element JOHN BARKER CONSTRUCTION LTD V LONDON PORTMAN HOTEL LTD
650 24 - SUBJECT ADDED ENTRY--TOPICAL TERM
Topical term or geographic name entry element SKANSKA CONSTRUCTION UK LTD V EGGER (BARONY) LTD
690 ## - LOCAL SUBJECT ADDED ENTRY--TOPICAL TERM (OCLC, RLIN)
Topical term or geographic name as entry element MANAGEMENT-DISPUTE AVOIDANCE, MANAGEMENT AND RESOLUTION-DISPUTE MANAGEMENT AND RESOLUTION
942 ## - ADDED ENTRY ELEMENTS (KOHA)
Suppress in OPAC 0
Holdings
Withdrawn status Lost status Source of classification or shelving scheme Damaged status Not for loan Home library Current library Shelving location Date acquired Total Checkouts Full call number Barcode Date last seen Copy number Price effective from Koha item type
    Dewey Decimal Classification     London London Journal article 21/02/2006   L132594 132594-1001 06/08/2019 1 06/08/2019 Journal article